000 00676nam a2200205 i 4500
001 173945
003 ES-MaACL
005 20230906215410.0
007 t|
008 100202s1903 sp |||| | spa d
110 2 _aReal Academia de Ciencias Exactas, Físicas y Naturales de España.
_9175635
245 1 0 _aMemorias de la Real Academia de Ciencias
_g1903.
260 _aMadrid :
_b[s.n.],
_c1903 (Imp. de L. Aguado)
300 _av. ;
_c28 cm.
505 8 _aContiene: T. XX ;
_tLos explosivos /
_rCarlos Banús y Comas (398 p.)
650 4 _aExplosivos.
_9136078
700 1 _aBanús y Comas, Carlos.
_925220
740 4 2 _aLos explosivos.
852 _aES-MaACL
_jK-239
999 _c173945
_d173945